ՀՀ Գիտությունների ազգային ակադեմիայի հիմնարար գիտական գրադարան  =   Fundamental Scientific Library of NAS RA

Годишник на Софийския ун-т "Св. Климент Охридски".Исторически факултет. Специалност етнология =Annuaire de l'Universite de Sofia "St. Kliment Ohridski."Faculte d histoire. Studia ethnologica. (Record no. 238683)

MARC details
000 -LEADER
fixed length control field 02003nas a2200337 a 4500
001 - CONTROL NUMBER
control field 000587523
003 - CONTROL NUMBER IDENTIFIER
control field AM-YeHGA
005 - DATE AND TIME OF LATEST TRANSACTION
control field 20250617141432.0
008 - FIXED-LENGTH DATA ELEMENTS--GENERAL INFORMATION
fixed length control field 080624c20079999bu arzp 0 0bul d
022 ## - INTERNATIONAL STANDARD SERIAL NUMBER
International Standard Serial Number 1312-9406
040 ## - CATALOGING SOURCE
Original cataloging agency AM-YeHGA
041 0# - LANGUAGE CODE
Language code of summary or abstract bul
-- eng
Language code of table of contents fre
090 ## - LOCALLY ASSIGNED LC-TYPE CALL NUMBER (OCLC); LOCAL CALL NUMBER (RLIN)
-- 240255
210 0# - ABBREVIATED TITLE
Abbreviated title Годишник на Софийския ун-т "Св. Климент Охридски".Исторически факултет. Специалност етнология
222 #0 - KEY TITLE
Key title Годишник на Софийския ун-т "Св. Климент Охридски".Исторически факултет. Специалност етнология
245 00 - TITLE STATEMENT
Title Годишник на Софийския ун-т "Св. Климент Охридски".Исторически факултет. Специалност етнология =Annuaire de l'Universite de Sofia "St. Kliment Ohridski."Faculte d histoire. Studia ethnologica.
246 30 - VARYING FORM OF TITLE
Title proper/short title Исторически факултет. Специалност етнология
246 30 - VARYING FORM OF TITLE
Title proper/short title Faculte d histoire. Studia ethnologica
246 31 - VARYING FORM OF TITLE
Title proper/short title Annuaire de l'Universite de Sofia "St. Kliment Ohridski."
Name of part/section of a work Faculte d histoire. Studia ethnologica
260 ## - PUBLICATION, DISTRIBUTION, ETC.
Place of publication, distribution, etc. София =
-- Sofiia :
Name of publisher, distributor, etc. Университетско из-во "Св. Климент Охридски" =
-- Presses Universitaires "St. Kliment Ohridski",
Date of publication, distribution, etc. 2007.
300 ## - PHYSICAL DESCRIPTION
Extent v. :
Other physical details ill.
310 ## - CURRENT PUBLICATION FREQUENCY
Current publication frequency Annual
362 0# - DATES OF PUBLICATION AND/OR SEQUENTIAL DESIGNATION
Dates of publication and/or sequential designation T. 1(2007)
500 ## - GENERAL NOTE
General note Description based on: T. 1 (2007)
650 04 - SUBJECT ADDED ENTRY--TOPICAL TERM
Topical term or geographic name entry element Ամսագիր
650 14 - SUBJECT ADDED ENTRY--TOPICAL TERM
Topical term or geographic name entry element History
Geographic subdivision Bulgaria
Form subdivision Periodicals
650 14 - SUBJECT ADDED ENTRY--TOPICAL TERM
Topical term or geographic name entry element Ethnology
Geographic subdivision Bulgaria
Form subdivision Periodicals
710 2# - ADDED ENTRY--CORPORATE NAME
Corporate name or jurisdiction name as entry element Софийский университет "Св. Климент Охридски" =
-- Universite de Sofia "St. Kliment Ohridski."
780 01 - PRECEDING ENTRY
Title Годишник на Софийския ун-т "Св. Климент Охридски".Исторически факултет. Специалност етнология
942 ## - ADDED ENTRY ELEMENTS (KOHA)
Source of classification or shelving scheme Universal Decimal Classification
Koha item type Շարունակական պաշար / Continuing Resource
Holdings
Withdrawn status Lost status Damaged status Not for loan Collection Home library Current library Date acquired Cost, normal purchase price Serial enumeration / chronology Inventory number Total checkouts Full call number Barcode Date last seen Price effective from Koha item type Public note
        General Fundamental Scientific Library Fundamental Scientific Library 28/12/2016 1900.00 2007, T. 1 ПИ 2743/1   ПИ 2743/1 FL0050685 28/12/2016 28/12/2016 Շարունակական պաշար / Continuing Resource 30 Days Loan
        General Fundamental Scientific Library Fundamental Scientific Library 28/12/2016 3000.00 2012, T. 2     ПИ 2743/2 FL0271884 28/12/2016 28/12/2016 Շարունակական պաշար / Continuing Resource 30 Days Loan


ՀՀ ԳԱԱ հիմնարար գիտական գրադարան
ՀՀ,Երևան 0019
Մարշալ Բաղրամյան 24/6
հեռախոս:(374-10) 52-47-50
Հետադարձ կապ

All site content, except where otherwise noted, is licensed under a
Creative Commons License